000 00793cam a22002414a 4500
001 12770412
005 20180115045344.0
008 020510s2003 mau b 001 0 eng
010 _a 2002007332
020 _a0201791668 (pbk.)
040 _aDLC
_cDLC
_dDLC
041 _aeng
042 _apcc
080 _a005.133 PET
082 0 0 _a005.133 PET
_221
100 1 _a33
101 _aSHK
245 1 0 _aBuilding J2EE applications with the rational unified process /
_cPeter Eeles, Kelli Houston, Wojtek Kozaczynski.
504 _aIncludes bibliographical references (p. 257) and index.
906 _a7
_bcbc
_corignew
_d1
_eecip
_f20
_gy-gencatlg
942 _2ddc
_cBK
999 _c40248
_d40248